| 000 | 00651nam a2200229Ia 4500 | ||
|---|---|---|---|
| 005 | 20250508164630.0 | ||
| 008 | 008 250505s9999 xx 000 0 hin d | ||
| 020 | _a81-214-0536-X | ||
| 037 | _aReference | ||
| 040 |
_aFEDL _beng _cFEDL |
||
| 041 |
_ahin _2hin |
||
| 084 |
_a491.433 2, CHA _qFEDL |
||
| 100 | _aChaturvedi Mahendra Ed. | ||
| 245 | 0 | _aVyavharik hindi-angreji kosh | |
| 260 |
_aDelhi, India _bNational Publishing House _c1994 |
||
| 300 | _axvi,875p | ||
| 365 |
_aINR _b1350 |
||
| 546 | _aMACESE | ||
| 650 |
_aDictionary - Hindi-English _9778667 |
||
| 942 |
_cREF _h491.433 2, CHA |
||
| 999 |
_c1390244 _d1390244 |
||